00933nam a2200265Ia 4500001000700000003000500007008004100012010001100053020001800064040000900082082001600091100001900107245018700126260004100313300001100354440002700365500005300392503003400445650002400479650003400503700004000537700003200577700002600609700003200635Z_7145CHAP220113s2003 xx 000 0 und d a170416 a84-8076-476-7 cCHAP a599.094 R53 aRicharz, Klaus aMamíferos : cómo reconocerlos y determinarlos /cKlaus Richarz y Gunter Steinbach ; ilustraciones Fritz Wendler y Steffen Walentowitz ; traducción Margarita Gutiérrez Manuel aBarcelona, España :bBlume,c2003 a191 p. aGuías de campo Blume aTraducción del título original: Säugetiere aej.1: consumo \ ej.2: consumo aMamíferosxEuropa aMamíferosxIdentificación a Gutiérrez Manuel, Margarita, tr. a Walentowitz, Steffen, il.  a Wendler, Fritz, il.  aSteinbach, Guanter, coaut.